Ostraka greci del Museo egizio del Cairo (O.Cair.GPW) /

محفوظ في:

المؤلف الرئيسي: Gallazzi, Claudio (مؤلف)

مؤلفون آخرون: Pintaudi, Rosario., Worp, K. A.

التنسيق: كتاب

اللغة: Italian

منشور في: Firenze : Edizioni Gonnelli, 1986.

سلاسل: Papyrologica florentina ; 14.

الموضوعات:

الوصول للمادة أونلاين: Login to view Source

الوسوم: إضافة وسم

لا توجد وسوم, كن أول من يضع وسما على هذه التسجيلة!

رقم الطلب: PA3371 .A2 1986

LEADER 01125nam a22003137a 4500
003 OSt
005 20251006112301.0
008 251006t1986 it fh bc 001 0 ita d
040 |c ARCE Library 
043 |a f-ua--- 
050 1 4 |a PA3371  |b .A2 1986 
100 1 |a Gallazzi, Claudio,  |e author  |9 30436 
245 1 0 |a Ostraka greci del Museo egizio del Cairo (O.Cair.GPW) /   |c Claudio Gallazzi, Rosario Pintaudi, Klaas A. Worp. 
264 1 |a Firenze :  |b Edizioni Gonnelli,   |c 1986. 
300 |a xviii, 175 p., xxxvi leaves of plates :   |b facsims. ;   |c 31 cm. 
490 1 |a Papyrologica florentina ;   |v 14. 
500 |a Includes indexes. 
504 |a Bibliography: p. xvi-xviii. 
546 |a Italian and Greek. 
610 2 0 |a Matḥaf al-Miṣrī  |v Catalogs. 
650 0 |a Inscriptions, Greek  |z Egypt  |z Cairo  |v Catalogs. 
650 0 |a Ostraka  |z Egypt  |v Catalogs. 
700 1 |a Pintaudi, Rosario.  |9 37670 
700 1 |a Worp, K. A.  |q (Klaas Anthony)  |9 42380 
830 0 |a Papyrologica florentina ;  |v 14. 
856 4 0 |u https://archive.org/details/GallaziOstraka1986/mode/2up 
901 |a reviewed 
942 |c BK  |c EBK  |2 lcc 
999 |c 22412  |d 22412